Statistics for Top 150 biggest country by area

Click here to take the quiz!

General Stats

  • This quiz has been taken 34 times
  • The average score is 113 of 150

Answer Stats

HintAnswerHint% Correct
8,515,767Brazil5
100%
9,984,680Canada2
100%
9,956,961China3
100%
1,002,450Egypt29
100%
3,287,263India7
100%
17,098,246Russia1
100%
2,780,400Argentina8
95%
1964,375Mexico13
95%
9,525,067Usa4
95%
2,381,741Algeria10
90%
338,424Finland65
90%
640,679France42
90%
1,904,569Indonesia14
90%
301,339Italy71
90%
377,975Japan62
90%
1,564,110Mongolia18
90%
1,285,216Peru19
90%
1,221,037South Africa24
90%
450,295Sweden55
90%
513,120Thailand50
90%
242,495United Kingdom78
90%
7,692,024Australia6
86%
207,600Belarus84
86%
756,102Chile37
86%
2,344,858Democratic Republic Of The Congo11
86%
43,094Denmark130
86%
45,227Estonia129
86%
357,114Germany63
86%
1,648,195Iran17
86%
2,724,900Kazakhstan9
86%
386,224Norway61
86%
907,132Pakistan33
86%
406,752Paraguay59
86%
342,000Republic Of The Congo64
86%
238,397Romania81
86%
2,149,690Saudi Arabia12
86%
331,212Vietnam66
86%
652,230Afghanistan40
81%
181,035Cambodia88
81%
1,141,748Colombia25
81%
276,841Ecuador73
81%
103,000Iceland106
81%
439,747Iraq58
81%
20,770Israel150
81%
580,637Kenya48
81%
1,759,540Libya16
81%
65,300Lithuania121
81%
587,041Madagascar46
81%
1,240,192Mali23
81%
446,550Morocco57
81%
262,443New Zealand76
81%
300,000Philippines72
81%
92,090Portugal109
81%
637,657Somalia43
81%
505,992Spain51
81%
1,861,484Sudan15
81%
783,562Turkey36
81%
603,500Ukraine45
81%
83,600United Arab Emirates114
81%
176,215Uruguay89
81%
447,400Uzbekistan56
81%
86,600Azerbaijan112
76%
147,570Bangladesh92
76%
30,528Belgium137
76%
111,002Bulgaria103
76%
131,957Greece95
76%
64,559Latvia122
76%
330,803Malaysia67
76%
825,615Namibia34
76%
41,850Netherlands131
76%
1,267,000Niger21
76%
923,768Nigeria31
76%
120,540North Korea97
76%
25,713North Macedonia146
76%
322,463Poland69
76%
196,722Senegal86
76%
88,361Serbia111
76%
49,037Slovakia127
76%
100,210South Korea107
76%
644,329South Sudan41
76%
41,284Switzerland132
76%
163,310Tunisia91
76%
527,968Yemen49
76%
28,748Albania141
71%
1,246,700Angola22
71%
1,098,581Bolivia27
71%
581,730Botswana47
71%
475,442Cameroon53
71%
1,284,000Chad20
71%
51,100Costa Rica126
71%
56,594Croatia124
71%
109,884Cuba104
71%
78,865Czechia115
71%
48,671Dominican Republic128
71%
245,857Guinea77
71%
27,750Haiti144
71%
93,028Hungary108
71%
236,800Laos82
71%
1,030,700Mauritania28
71%
33,846Moldova136
71%
676,578Myanmar39
71%
309,500Oman70
71%
185,180Syria87
71%
36,193Taiwan134
71%
945,087Tanzania30
71%
56,785Togo123
71%
488,100Turkmenistan52
71%
916,445Venezuela32
71%
29,743Armenia139
67%
114,763Benin100
67%
1,104,300Ethiopia26
67%
36,125Guinea-Bissau135
67%
112,492Honduras101
67%
70,273Ireland118
67%
801,590Mozambique35
67%
147,181Nepal93
67%
462,840Papua New Guinea54
67%
26,338Rwanda145
67%
163,820Suriname90
67%
241,550Uganda79
67%
752,612Zambia38
67%
83,871Austria113
62%
22,966Belize148
62%
51,209Bosnia125
62%
27,834Burundi143
62%
622,984Central African Republic44
62%
21,041El Salvador149
62%
267,668Gabon75
62%
69,700Georgia119
62%
238,533Ghana80
62%
214,969Guyana83
62%
89,342Jordan110
62%
199,951Kyrgyzstan85
62%
30,355Lesotho138
62%
75,417Panama116
62%
143,100Tajikistan94
62%
38,394Bhutan133
57%
274,222Burkina Faso74
57%
117,600Eritrea99
57%
108,889Guatemala105
57%
111,369Liberia102
57%
130,373Nicaragua96
57%
65,610Sri Lanka120
57%
390,757Zimbabwe60
57%
23,200Djibouti147
52%
28,051Equatorial Guinea142
52%
323,802Ivory Coast68
52%
118,484Malawi98
52%
71,740Sierra Leone117
52%
28,896Solomon Islands140
52%

Score Distribution

Percentile by Number Answered

Percent of People with Each Score

Your Score History

You have not taken this quiz